01730nam a2200325 a 4500001001200000003000800012006001900020007001500039008004100054010001700095020002800112040002100140035002000161043001200181050002400193082001900217100001700236245009300253260005200346300001400398504005100412505047100463533015200934650004001086650007501126655002901201700003101230710001701261856012601278ebr10194722CaPaEBRm u cr cn|||||||||020604s2003 ilu sb 001 0 eng  z 2002008095 z0838908284 (alk. paper) aCaPaEBRcCaPaEBR a(OCoLC)76806746 an-us---14aKF4315b.M56 2003eb04a344.73/0922211 aMinow, Mary.14aThe library's legal answer bookh[electronic resource] /cMary Minow, Tomas A. Lipinski. aChicago :bAmerican Library Association,c2003. ax, 361 p. aIncludes bibliographical references and index.0 aLibraries and copyright -- Designing the library web page -- Libraries and copyright -- Filters in the library and other restrictions on Internet access -- Digital library resources and patrons with disabilities -- Library records and privacy -- Meeting rooms and displays : the public soapbox inside the library -- Professional liability : reference, collection, book reviews, latchkey children -- Issues in library employment -- Friends, the Internet and lobbying. aElectronic reproduction.bPalo Alto, Calif. :cebrary,d2013.nAvailable via World Wide Web.nAccess may be limited to ebrary affiliated libraries. 0aLibrary legislationzUnited States. 0aInternet access for library usersxLaw and legislationzUnited States. 7aElectronic books.2local1 aLipinski, Tomas A.,d1958-2 aebrary, Inc.40uhttp://site.ebrary.com/lib/rucke/Doc?id=10194722zAn electronic book accessible through the World Wide Web; click to view